Mega Man Battle Network Series All Net Navis - Statistics

General Stats
  • This quiz has been taken 92 times
    91 since last reset
  • The average score is 69 of 91
Answer Stats
Answer % Correct
CopyMan.EXE
97%
GutsMan.EXE
97%
MegaMan.EXE
97%
ProtoMan.EXE
97%
Roll.EXE
97%
FireMan.EXE
95%
HeatMan.EXE
95%
IceMan.EXE
95%
Bass.EXE
92%
BubbleMan.EXE
92%
ElecMan.EXE
92%
MagicMan.EXE
92%
MetalMan.EXE
92%
ShadowMan.EXE
92%
AirMan.EXE
90%
BombMan.EXE
90%
CutMan.EXE
90%
FlashMan.EXE
90%
SkullMan.EXE
90%
WoodMan.EXE
90%
DrillMan.EXE
87%
FlameMan.EXE
87%
QuickMan.EXE
87%
StoneMan.EXE
87%
AquaMan.EXE
85%
KnightMan.EXE
85%
PharaohMan.EXE
85%
SearchMan.EXE
85%
ToadMan.EXE
85%
TopMan.EXE
85%
GyroMan.EXE
82%
MagnetMan.EXE
82%
SlashMan.EXE
82%
SwordMan.EXE
82%
TenguMan.EXE
82%
TomahawkMan.EXE
82%
CloudMan.EXE
79%
ColorMan.EXE
79%
Glide.EXE
79%
JapanMan.EXE
79%
NapalmMan.EXE
79%
NumberMan.EXE
79%
PlantMan.EXE
79%
ShadeMan.EXE
79%
SnakeMan.EXE
79%
StarMan.EXE
79%
Zero.EXE
79%
BurnerMan.EXE
77%
DiveMan.EXE
77%
FreezeMan.EXE
77%
NeedleMan.EXE
77%
SharkMan.EXE
77%
WindMan.EXE
77%
BrightMan.EXE
74%
ChargeMan.EXE
74%
GravityMan.EXE
74%
JunkMan.EXE
74%
Ring.EXE
74%
BlastMan.EXE
72%
ColdMan.EXE
72%
Colonel.EXE
72%
DustMan.EXE
72%
SparkMan.EXE
72%
ThunderMan.EXE
72%
BlizzardMan.EXE
69%
DarkMan.EXE
69%
Serenade.EXE
69%
TurboMan.EXE
69%
BeastMan.EXE
67%
KingMan.EXE
67%
CircusMan.EXE
64%
GroundMan.EXE
64%
JudgeMan.EXE
64%
DesertMan.EXE
62%
Punk.EXE
62%
PlanetMan.EXE
59%
EraseMan.EXE
56%
LaserMan.EXE
56%
Meddy.EXE
56%
VideoMan.EXE
56%
ElementMan.EXE
54%
GateMan.EXE
54%
GridMan.EXE
54%
LarkMan.EXE
54%
BowlMan.EXE
51%
Iris.EXE
51%
MistMan.EXE
51%
KendoMan.EXE
49%
CosmoMan.EXE
46%
Dark MegaMan.EXE
46%
CookMan.EXE
15%
No matching quizzes found
Score Distribution
Percent of People with Each Score
Percentile by Number Answered
Your Score History
You have not taken this quiz since the last reset